| 000 | 01042nam a22003017a 4500 | ||
|---|---|---|---|
| 001 | 00260 | ||
| 003 | DO-SdBNP | ||
| 005 | 20180207145320.0 | ||
| 008 | 151106b 1984 sp ||||| |||| 00| 0 spa d | ||
| 020 | _a847525182X | ||
| 040 |
_aBPMSU _bspa _cBPMSU |
||
| 041 | 1 | 7 |
_aspa _hfre |
| 100 | 1 |
_aGrandville, J. J., _d1803-1847 |
|
| 245 | 1 | 0 |
_aVida privada y pública de los animales / _cJ. J. Grandville ; traducción José maría González-Ruiz ; revisión, apéndices y notas M. I. Villarino ; Emilio Pascual ; ilustración J. J. Grandville |
| 260 |
_aMadrid : _bEdiciones Generales Anaya, _c1984. |
||
| 300 |
_a359 p. : _bil. ; _c20 cm. |
||
| 490 | 1 |
_aTus libros _v48 |
|
| 490 | _aSatíricos | ||
| 534 | _aVie privée et publique des animaux. | ||
| 700 |
_aGonzález Ruiz, José María, _d1916-2005, _etr. |
||
| 700 | 1 | _aVillarino, María Isabel | |
| 700 | 1 | 2 |
_aPascual, Emilio, _d1948- |
| 830 | 0 |
_aTus libros ; _n48 |
|
| 830 | 0 | _aSatíricos | |
| 942 |
_2ddc _cBK |
||
| 945 | _aInventariado, 2018 /LP | ||
| 956 |
_aLOPEREZ _b10 |
||
| 999 |
_c8589 _d8589 |
||